000 00405nam a22001577a 4500
003 OSt
005 20231028054532.0
008 231028b |||||||| |||| 00| 0 eng d
020 _a978-93-95583-51-0
040 _cIIMT UNIVERSITY
100 _aKUMAR, VIVEK
245 _aMASTERING SURGICAL PROCEDURES VOLUME-2
260 _aBANGALORE
_bWRITER'S ROW PUBLICATION
_c2023
300 _b172
942 _2ddc
_c09
999 _c57562
_d57562